000 00669nam a2200289Ia 4500
005 20260324132703.0
008 008 260324s9999 xx 000 0 eng d
020 _a9780203073049
037 _aEBOOK
040 _aCRL
040 _beng
040 _cCRL
041 _2eng
041 _aeng
084 _qCRL
100 _aKate Myers
_91190233
245 0 _aTeachers Behaving Badly?
245 0 _bDilemmas for School Leaders
260 _bTaylor and Francis
260 _c2004
365 _a
365 _b98.99
856 _uhttp://www.taylorfrancis.com/books/9780203073049
942 _cEBOOK
999 _c1788553
_d1788553